ARRUPE JESUIT UNIVERSITY

CORONAVIRUS -STOP THE SPREAD - CLEAN,DISINFECT,COVER

A psychology of hope : (Record no. 119774)

MARC details
000 -LEADER
fixed length control field 02632cam a2200385 a 4500
001 - CONTROL NUMBER
control field 15306226
003 - CONTROL NUMBER IDENTIFIER
control field ARRUPE
005 - DATE AND TIME OF LATEST TRANSACTION
control field 20140130122531.0
008 - FIXED-LENGTH DATA ELEMENTS--GENERAL INFORMATION
fixed length control field 080527s2008 miua b 001 0 eng
010 ## - LIBRARY OF CONGRESS CONTROL NUMBER
LC control number 2008022122
020 ## - INTERNATIONAL STANDARD BOOK NUMBER
International Standard Book Number 9780802832719 (pbk. : alk. paper)
020 ## - INTERNATIONAL STANDARD BOOK NUMBER
International Standard Book Number 0802832717 (pbk. : alk. paper)
035 ## - SYSTEM CONTROL NUMBER
System control number (OCoLC)ocn213452274
035 ## - SYSTEM CONTROL NUMBER
System control number (OCoLC)213452274
040 ## - CATALOGING SOURCE
Original cataloging agency DLC
Transcribing agency DLC
Modifying agency BTCTA
-- BAKER
-- YDXCP
-- EMT
-- C#P
-- VLB
-- BWX
-- DLC
050 00 - LIBRARY OF CONGRESS CALL NUMBER
Classification number BS680.S855
Item number K37 2008
082 00 - DEWEY DECIMAL CLASSIFICATION NUMBER
Classification number 241/.697
Edition number 22
300 ## - PHYSICAL DESCRIPTION
Other physical details ill. ;
Dimensions 23 cm.
100 1# - MAIN ENTRY--PERSONAL NAME
Personal name Kaplan, Kalman J.
9 (RLIN) 7309
245 12 - TITLE STATEMENT
Title A psychology of hope :
Remainder of title a biblical response to tragedy and suicide /
Statement of responsibility, etc Kalman J. Kaplan & Matthew B. Schwartz.
250 ## - EDITION STATEMENT
Edition statement Rev. and expanded ed.
260 ## - PUBLICATION, DISTRIBUTION, ETC. (IMPRINT)
Place of publication, distribution, etc Grand Rapids, Mich. :
Name of publisher, distributor, etc William B. Eerdmans Pub.,
Date of publication, distribution, etc 2008.
300 ## - PHYSICAL DESCRIPTION
Extent xxiv, 261 p. :
504 ## - BIBLIOGRAPHY, ETC. NOTE
Bibliography, etc Includes bibliographical references (p. 233-247) and index.
505 0# - FORMATTED CONTENTS NOTE
Formatted contents note Foreword to the first edition / David Bakan -- Foreword to the revised and expanded edition / Nicholas Wolterstorff -- The problem of suicide. To be or not to be : the question of suicide -- Suicide in Greco-Roman thought -- Suicide in Judaeo-Christian thought -- Individual case studies from Greek tragedy and biblical narratives. Cycle vs. development : Narcissus vs. Jonah -- Suicide in Greek tragedy -- Suicide and suicide prevention in biblical narratives -- Marriage and family case studies from Greek tragedy and biblical narratives. Couples : polarization vs. growth, Prometheus-Pandora vs. Adam-Eve -- The suicide promoting structure of the Greek family : Oedipus and Electra -- The life-promoting structure of the biblical family : Isaac and Ruth -- Oedipus's curse vs. Jacob's blessing : sibling rivalry and its resolution -- Contemporary confusions about life and death. Kevorkian, Hippocrates, and Maimonides : watching over patients' life and death -- Zeno vs. Job : the biblical case against "rational suicide" -- Conclusion. From tragedy to therapy : the case for biblical psychotherapy.
650 #0 - SUBJECT ADDED ENTRY--TOPICAL TERM
Topical term or geographic name as entry element Suicide
General subdivision Biblical teaching.
9 (RLIN) 7310
650 #0 - SUBJECT ADDED ENTRY--TOPICAL TERM
Topical term or geographic name as entry element Suicide
General subdivision Religious aspects
-- Christianity.
9 (RLIN) 7311
650 #0 - SUBJECT ADDED ENTRY--TOPICAL TERM
Topical term or geographic name as entry element Suicide in literature.
9 (RLIN) 7312
650 #0 - SUBJECT ADDED ENTRY--TOPICAL TERM
Topical term or geographic name as entry element Suicide.
9 (RLIN) 7313
650 #0 - SUBJECT ADDED ENTRY--TOPICAL TERM
Topical term or geographic name as entry element Suicidal behavior.
9 (RLIN) 7314
700 1# - ADDED ENTRY--PERSONAL NAME
Personal name Schwartz, Matthew B.
9 (RLIN) 7315
856 41 - ELECTRONIC LOCATION AND ACCESS
Materials specified Table of contents only
Uniform Resource Identifier <a href="http://www.loc.gov/catdir/toc/ecip0819/2008022122.html">http://www.loc.gov/catdir/toc/ecip0819/2008022122.html</a>
906 ## - LOCAL DATA ELEMENT F, LDF (RLIN)
a 7
b cbc
c orignew
d 1
e ecip
f 20
g y-gencatlg
942 ## - ADDED ENTRY ELEMENTS (KOHA)
Source of classification or shelving scheme Library of Congress Classification
Koha item type Monograph ( Printed materials)
Holdings
Withdrawn status Lost status Source of classification or shelving scheme Damaged status Not for loan Collection code Home library Current library Shelving location Date acquired Total Checkouts Full call number Barcode Date last seen Price effective from Koha item type
    Library of Congress Classification     Main Collection ARRUPE LIBRARY ARRUPE LIBRARY Main Collection 30/01/2014   BS680.S855 K37 2008 464123488 07/12/2016 30/01/2014 Monograph ( Printed materials)

 

Arrupe Library. PO Box MP320 Mt Pleasant, Harare, Zimbabwe
263 242 745411|librarian@aju.ac.zw